Naples /

Bibliographic Details
Other Authors: Hall, Marcia B. (Editor, Contributor), Willette, Thomas (Editor, Contributor)
Format: Book
Language:English
Published: Cambridge ; New York : Cambridge University Press, [2017]
Series:Artistic centers of the Italian Renaissance.
Subjects:

MARC

Tag First Indicator Second Indicator Subfields
LEADER 00000cam a2200000 i 4500
001 in00003850821
005 20170926115446.0
008 150427t20172017enkab b 001 0 eng
010 |a  2015006489 
020 |a 9780521780001  |q (hardcover :  |q alkaline paper) 
020 |a 0521780004  |q (hardcover :  |q alkaline paper) 
035 |a (OCoLC)ocn908192551 
040 |a DLC  |e rda  |c DLC  |d UtOrBLW 
043 |a e-it--- 
049 |a TXAM 
050 0 0 |a N6921.N2  |b N35 2017 
082 0 0 |a 709.45/731  |2 23 
245 0 0 |a Naples /  |c edited by Marcia B. Hall, Temple University, Thomas Willette, University of Michigan. 
264 1 |a Cambridge ;  |a New York :  |b Cambridge University Press,  |c [2017] 
264 4 |c ©2017 
300 |a xxii, 385 pages :  |b illustrations, maps ;  |c 29 cm. 
336 |a text  |b txt  |2 rdacontent 
336 |a still image  |b sti  |2 rdacontent 
337 |a unmediated  |b n  |2 rdamedia 
338 |a volume  |b nc  |2 rdacarrier 
490 1 |a Artistic centers of the Italian Renaissance 
504 |a Includes bibliographical references (pages 339-377) and index. 
505 0 |a Introduction: Naples in myth and history / Ronald G. Musto -- Giorgio Vasari's critique of art and patronage in Naples / Thomas Willette -- Urban design and public spaces / Anna Giannetti -- Ecclesiastical architecture and the religious orders / Charlotte Nichols -- Patrons and paintings from the Angevins to the Spanish Hapsburgs / Serena Romano -- Tombs and the ornamentation of chapels / Tanja Michalsky -- The residence of power / Gérard Labrot. 
650 0 |a Art, Italian  |z Italy  |z Naples. 
650 0 |a Art, Renaissance  |z Italy  |z Naples. 
700 1 |a Hall, Marcia B.,  |e editor,  |e contributor.  |0 http://id.loc.gov/authorities/names/n79070613 
700 1 |a Willette, Thomas,  |e editor,  |e contributor.  |0 http://id.loc.gov/authorities/names/nr92026546 
830 0 |a Artistic centers of the Italian Renaissance.  |0 http://id.loc.gov/authorities/names/n2004013934 
945 |b 105014 
947 |a A14850177479 
948 |a cataloged  |b h  |c 2017/5/22  |d c  |e dmitchel  |f 3:30:30 pm 
994 |a 92  |b TXA 
999 f f |s f9cb8c4f-56dc-3579-aaa4-7576d2928353  |i c49c9ed9-0f5a-3816-8a8b-792311dcd24c  |t 0 
952 f f |p normal  |a Texas A&M University  |b College Station  |c Sterling C. Evans Library  |s Evans stk  |d Evans: Library Stacks  |t 0  |e N6921.N2 N35 2017  |h Library of Congress classification  |i unmediated -- volume  |m A14850177479 
998 f f |a N6921.N2 N35 2017  |t 0  |l Evans: Library Stacks